LIBRARY & INFORMATION CENTRE, KCAET, TAVANUR

ONLINE PUBLIC ACCESS CATALOGUE (OPAC)

Instrumentation: | Devices and Systems (Record no. 19103)

MARC details
000 -LEADER
fixed length control field 00447nam a22001697a 4500
003 - CONTROL NUMBER IDENTIFIER
control field OSt
008 - FIXED-LENGTH DATA ELEMENTS--GENERAL INFORMATION
fixed length control field 250122b |||||||| |||| 00| 0 eng d
041 ## - LANGUAGE CODE
Language code of text/sound track or separate title eng
082 ## - DEWEY DECIMAL CLASSIFICATION NUMBER
Classification number 621.371
Item number RAN/IN
100 ## - MAIN ENTRY--AUTHOR NAME
Personal name Rangan,CS
245 ## - TITLE STATEMENT
Title Instrumentation:
Remainder of title Devices and Systems
250 ## - EDITION STATEMENT
Edition statement 3rd Reprint
260 ## - PUBLICATION, DISTRIBUTION, ETC. (IMPRINT)
Place of publication New Delhi:
Name of publisher Tata McGraw-Hill Publishing CoLtd,
Year of publication 1985.
300 ## - PHYSICAL DESCRIPTION
Number of Pages 529p.
700 ## - ADDED ENTRY--PERSONAL NAME
Personal name Sarma, GR and Mani, VSV
942 ## - ADDED ENTRY ELEMENTS (KOHA)
Koha item type Books
Holdings
Withdrawn status Lost status Damaged status Home library Current library Date acquired Cost, normal purchase price Full call number Accession Number Koha item type
      KAUAET KAUAET 22/01/2025 86.40 621.371 RAN/IN 15925 Books
free website counter